Gender in Southern Africa: conceptual and theoretical issues (Record no. 75820)
[ view plain ]
| 000 -LEADER | |
|---|---|
| fixed length control field | 00893nam a2200205 a 4500 |
| 008 - FIXED-LENGTH DATA ELEMENTS--GENERAL INFORMATION | |
| fixed length control field | 120416s1992 ||||||||||||||||| || u |
| 020 ## - INTERNATIONAL STANDARD BOOK NUMBER | |
| International Standard Book Number | 0797411623 |
| 050 ## - LIBRARY OF CONGRESS CALL NUMBER | |
| Classification number | HQ 1800 Gen |
| 100 ## - MAIN ENTRY--PERSONAL NAME | |
| Personal name | Meena, Ruth |
| 245 10 - TITLE STATEMENT | |
| Title | Gender in Southern Africa: conceptual and theoretical issues |
| Statement of responsibility, etc. | edited by Ruth Meena |
| 260 ## - PUBLICATION, DISTRIBUTION, ETC. | |
| Place of publication, distribution, etc. | Harare: |
| Name of publisher, distributor, etc. | SAPES Books |
| Date of publication, distribution, etc. | 1992 |
| 300 ## - PHYSICAL DESCRIPTION | |
| Extent | viii, 210p. : ill. |
| 350 ## - | |
| -- | 0.00 |
| 650 ## - SUBJECT ADDED ENTRY--TOPICAL TERM | |
| Topical term or geographic name entry element | SEX ROLE--AFRICA, SOUTHERN |
| 650 ## - SUBJECT ADDED ENTRY--TOPICAL TERM | |
| Topical term or geographic name entry element | WOMEN-- AFRICA, SOUTHERN-- SOCIAL CONDITIONS |
| 650 ## - SUBJECT ADDED ENTRY--TOPICAL TERM | |
| Topical term or geographic name entry element | GENDER |
| 650 ## - SUBJECT ADDED ENTRY--TOPICAL TERM | |
| Topical term or geographic name entry element | GENDER--AFRICA, SOUTH |
| 995 ## - | |
| -- | MAIN LIBRARY OPEN ACCESS |
| -- | 0.00 |
| -- | 024056 |
| -- | CBU-MAIN LIBRARY (Kitwe) |
| -- | 1 |
| -- | 0.00 |
| -- | HQ 1800 Gen |
| -- | 2 |
| -- | AVAILABLE |
| -- | Oct 13, 2006 |
| -- | 024056 |
| -- | Main Library Open Access Collection |
| 995 ## - | |
| -- | MAIN LIBRARY OPEN ACCESS |
| -- | 0.00 |
| -- | 008583 |
| -- | CBU-MAIN LIBRARY (Kitwe) |
| -- | 1 |
| -- | 0.00 |
| -- | HQ 1800 Gen |
| -- | 1 |
| -- | AVAILABLE |
| -- | 008583 |
| -- | Main Library Open Access Collection |
| 999 ## - | |
| -- | 75820 |
| -- | 75820 |
| Withdrawn status | Lost status | Source of classification or shelving scheme | Damaged status | Not for loan | Permanent Location | Current Location | Shelving location | Date acquired | Total Checkouts | Full call number | Barcode | Date last seen | Copy number | Price effective from | Koha item type |
|---|---|---|---|---|---|---|---|---|---|---|---|---|---|---|---|
| CBU-MAIN LIBRARY, KITWE. | CBU-MAIN LIBRARY, KITWE. | 04/25/2023 | HQ 1800 Gen | 024056 | 04/25/2023 | 1 | 04/25/2023 | MONOGRAPH | |||||||
| CBU-MAIN LIBRARY, KITWE. | CBU-MAIN LIBRARY, KITWE. | 04/25/2023 | HQ 1800 Gen | 008583 | 04/25/2023 | 2 | 04/25/2023 | MONOGRAPH |